Catálogo
 En Linea

Supply-side portfolio strategies / (Registro nro. 1770)

Detalles MARC
000 -CABECERA
campo de control de longitud fija 00823cam a22002417a 4500
001 - NÚMERO DE CONTROL
campo de control 000001898
005 - FECHA Y HORA DE LA ÚLTIMA TRANSACCIÓN
campo de control 20200929145741.0
008 - DATOS DE LONGITUD FIJA--INFORMACIÓN GENERAL
campo de control de longitud fija 870526s1988 ctua b 001 0 eng
020 ## - NÚMERO INTERNACIONAL ESTÁNDAR DEL LIBRO
Número Internacional Estándar del Libro 0899302866
040 ## - FUENTE DE LA CATALOGACIÓN
Centro catalogador/agencia de origen DO-SdBNP
Centro/agencia transcriptor DLC
Centro/agencia modificador DLC
050 00 - SIGNATURA TOPOGRÁFICA DE LA BIBLIOTECA DEL CONGRESO
Número de clasificación HG4910
Número de documento/Ítem .S775 1988
082 ## - NÚMERO DE LA CLASIFICACIÓN DECIMAL DEWEY
Número de clasificación 332.60973
Número de documento/Ítem S712p
245 00 - MENCIÓN DE TÍTULO
Título Supply-side portfolio strategies /
Mención de responsabilidad, etc. Victor A. Canto, Arthur B. Laffer.
260 ## - PUBLICACIÓN, DISTRIBUCIÓN, ETC.
Lugar de publicación, distribución, etc. Westport, Conneticut. :
Nombre del editor, distribuidor, etc. Quorum Books,
Fecha de publicación, distribución, etc. 1988.
300 ## - DESCRIPCIÓN FÍSICA
Extensión xii, 180 p. :
Otras características físicas il. ;
Dimensiones 25 cm.
504 ## - NOTA DE BIBLIOGRAFÍA, ETC.
Nota de bibliografía, etc. Incluye bibliografía e índice.
650 #4 - PUNTO DE ACCESO ADICIONAL DE MATERIA--TÉRMINO DE MATERIA
Término de materia o nombre geográfico como elemento de entrada Investments
Subdivisión geográfica United States.
9 (RLIN) 6187
650 #4 - PUNTO DE ACCESO ADICIONAL DE MATERIA--TÉRMINO DE MATERIA
Término de materia o nombre geográfico como elemento de entrada Portfolio management
Subdivisión geográfica United States.
9 (RLIN) 6188
650 #4 - PUNTO DE ACCESO ADICIONAL DE MATERIA--TÉRMINO DE MATERIA
Término de materia o nombre geográfico como elemento de entrada Supply-side economics
Subdivisión geográfica United States.
9 (RLIN) 6189
700 1# - PUNTO DE ACCESO ADICIONAL--NOMBRE DE PERSONA
Nombre de persona Canto, Victor A.
9 (RLIN) 6190
700 1# - PUNTO DE ACCESO ADICIONAL--NOMBRE DE PERSONA
Nombre de persona Laffer, Arthur B.
9 (RLIN) 6191
910 ## - DATOS DE OPCIÓN DEL USUARIO (OCLC)
Datos de opción del usuario Catalogación por copia / LC
Existencias
Estado de retiro Estado de pérdida Restricciones de uso No para préstamo Código de colección Localización permanente Ubicación/localización actual Ubicación en estantería Fecha de adquisición Número de inventario Total de préstamos Signatura topográfica completa Código de barras Fecha visto por última vez Precio válido a partir de Tipo de ítem Koha
    Préstamo interno   Monografías: Libros y Folletos General General En catalogación 06.07.2009 LF1   332.60973 S712p 1898-10 25.06.2020 25.06.2020 Préstamo interno

Con tecnología Koha